Transmisión de calor en motores alternativos: aplicación al aprovechamiento energético de los gases de escape

Saved in:
Bibliographic Details
Main Author: Dolz, Vicente (Author)
Format: Book
Language:Spanish
Published: Barcelona Reverté 2011
Series:Temas Avanzados en Motores de Combustión Interna
Subjects:
Tags: Add Tag
No Tags, Be the first to tag this record!

MARC

LEADER 00000cam a2200000 a 4500
001 UCF0414
003 CL-VaPUC
008 120517e20110000SP |||||||||||||||||spa|d
020 |a 9788429147155 
082 0 4 |a 621.436  |b DOL  |2 21 
100 0 |a Dolz, Vicente  |e author  |9 562229 
245 1 0 |a Transmisión de calor en motores alternativos: aplicación al aprovechamiento energético de los gases de escape 
300 |a 231 p 
942 |c BK 
945 |d 20120517 00:00:00  |a dcastane 
260 |a Barcelona  |b Reverté  |c 2011 
650 0 |a Motores Diésel  |9 271572 
650 7 |a COMBUSTION INTERNA  |2 CL-VaPUC  |9 391535 
650 0 |a Mantenimiento  |9 271710 
650 7 |a LUBRICACION  |2 CL-VaPUC  |9 364114 
650 0 |a Transmisión de calor  |9 259410 
583 |a last modification  |c 20121105 12:44:36  |k Rodrigo Vera 
490 0 |a Temas Avanzados en Motores de Combustión Interna 
999 |c 347744  |d 347742 
952 |0 0  |1 0  |4 0  |6 621_436000000000000_DOL_2011  |7 0  |8 A  |9 449322  |a BIBMEC  |b BIBMEC  |d 2019-11-22  |i 4866398  |o 621.436 DOL 2011  |p 4866398  |r 2024-01-19  |w 2019-11-22  |y BK  |k MEC